will.i.am Charting Songs (Billboard Hot 100) - Statistics

General Stats
  • This quiz has been taken 45 times
  • The average score is 8 of 16
Answer Stats
Album Weeks On Peak Artist(s) Song % Correct
#willpower 24 Weeks #3 will.i.am & Britney Spears Scream & Shout
97%
#willpower 16 Weeks #17 will.i.am ft. Justin Bieber #thatPOWER
90%
Raymond v. Raymond 30 Weeks #1 (5 Weeks) Usher ft. will.i.am OMG
83%
#3 25 Weeks #25 The Script ft. will.i.am Hall of Fame
76%
Pink Friday 15 Weeks #24 will.i.am & Nicki Minaj Check It Out
55%
#willpower 2 Weeks #96 will.i.am ft. Miley Cyrus, French Montana, Wiz Khalifa & DJ Mustard Feelin' Myself
55%
Non-Album Single 8 Weeks #36 will.i.am ft. Mick Jagger & Jennifer Lopez T.H.E (The Hardest Ever)
52%
PCD 20 Weeks #13 The Pussycat Dolls ft. will.i.am Beep
48%
Warrior 13 Weeks #40 Ke$ha ft. will.i.am or Juicy J Crazy Kids
48%
Mail on Sunday 21 Weeks #9 Flo Rida ft. will.i.am In The Ayer
41%
#willpower 1 Week #58 will.i.am ft. Miley Cyrus Fall Down
34%
Songs About Girls 9 Weeks #31 will.i.am I Got It From My Mama
34%
Hip Hop Is Dead 5 Weeks #41 Nas ft. will.i.am Hip Hop Is Dead
28%
The Big Bang 12 Weeks #41 Busta Rhymes ft. will.i.am & Kelis I Love My Bitch
28%
Non-Album Single 2 Weeks #26 Jimmy Fallon ft. will.i.am EW!
17%
Change Is Now 2 Weeks #78 will.i.am It's a New Day
7%
No matching quizzes found
Score Distribution
Percent of People with Each Score
Percentile by Number Answered
Your Score History
You have not taken this quiz